000 00848nam a22001937a 4500
999 _c61924
_d61924
003 Ge_BSU
005 20240611104655.0
008 240611s1973 ge ||||| |||| 00| 0 geo d
041 _ageo
080 _a617(479.22)(092) ე-78
100 _aერისთავი, კონსტანტინე
_922386
245 _aმოგონება /
_cკონსტანტინე ერისთავი; რედ. ე. კანდელაკი.
264 _aთბილისი :
_bსაბჭ. საქართველო,
_c1973.
300 _a146 გვ. :
_b1 ფ. პორტრ. ;
_c18 სმ.
653 _aქართველი ქირურგები
653 _aმედიცინა
700 _a კანდელაკი, ე.
_eრედაქტორი
_922387
942 _2udc
_cᲬᲘᲒᲜᲘ